000 00546nam a2200157 a 4500
008 120416s1974 ||||||||||||||||| || u
050 _aGN 655.G5 Azu
100 _aAzu, Diana Gladys
245 1 4 _aThe Ga family and social change
260 _aCambridge
_bAfrican Studies Centre
_c1974
300 _a(vii), 139p.
350 _a0.00
650 0 _aSOCIOLOGY
650 _aSOCIAL CHANGE
995 _D0.00
_FCBU-MAIN LIBRARY (Kitwe)
_H1
_I6.95
_M1
_UAVAILABLE
_ZMain Library Open Access Collection
999 _c44280
_d44280